Účtová trieda 4-Kapitálové účty a dlhodobé záväzky

Charakteristika účtovej triedy 4-Kapitálové účty a dlhodobé záväzky. Účtovanie vlastného imania. Účtovanie základného imania v akciovej spoločnosti. Účtovanie základného imania v spoločnosti s ručením obmedzeným. Účtovanie základného imania v družstve. Tvorba rezervného a nedeliteľného fondu. Účtova...

Full description

Saved in:
Bibliographic Details
Main Author: Kareš, Ladislav
Format: Book Chapter
Language:Slovak
Subjects:
Tags: Add Tag
No Tags, Be the first to tag this record!

MARC

LEADER 00000naa$a2200000$$$4500
001 0051263
005 20240502071609.6
041 0 |a slo 
044 |a SK 
245 1 0 |a Účtová trieda 4-Kapitálové účty a dlhodobé záväzky  |c Ladislav Kareš 
520 |a Charakteristika účtovej triedy 4-Kapitálové účty a dlhodobé záväzky. Účtovanie vlastného imania. Účtovanie základného imania v akciovej spoločnosti. Účtovanie základného imania v spoločnosti s ručením obmedzeným. Účtovanie základného imania v družstve. Tvorba rezervného a nedeliteľného fondu. Účtovanie vlastného imania fyzickej osoby - podnikateľa. 
610 2 0 |a triedy účtové 
610 2 0 |a účty kapitálové 
610 2 0 |a spoločnosti akciové 
610 2 0 |a spoločnosti s r.o. 
610 2 0 |a družstvá 
610 2 0 |a imanie vlastné 
610 2 0 |a imanie základné 
610 2 0 |a účtovanie 
610 2 0 |a jednotka účtovná 
100 1 |a Kareš, Ladislav